[Event "Madrid 2011/2012- Semifinal A "]
[Site "Madrid ESP"]
[Date "2012.04.11"]
[Round "2.23"]
[White "De La Horra Del Barco, Ricardo"]
[Black "Lopez Peral, Enrique"]
[Result "1-0"]
[WhiteElo "2055"]
[BlackElo "1844"]
[PlyCount "73"]
[EventDate "2012.04.10"]
[EventType "swiss"]
[EventRounds "9"]
[EventCountry "ESP"]
[Source "lmi"]
[SourceDate "2012.04.10"]

1. Nf3 Nf6 2. g3 b6 3. Bg2 Bb7 4. O-O e6 5. c4 Be7 6. d4 O-O 7. Re1 c6 8. e4 d5
9. e5 Ne4 10. cxd5 exd5 11. Nc3 c5 12. dxc5 Nxc3 13. bxc3 Bxc5 14. Bf4 Nc6 15.
Qd3 Qd7 16. Ng5 g6 17. Qxd5 Qe7 18. Ne4 Na5 19. Qd3 Bxe4 20. Qxe4 Rfd8 21. Qe2
Rac8 22. Qg4 h5 23. Qe2 Ba3 24. h4 Qf8 25. e6 fxe6 26. Qxe6+ Kh7 27. Bg5 Rd6
28. Qe2 Rxc3 29. Be7 Qe8 30. Bxd6 Qxe2 31. Rxe2 Bxd6 32. Rd1 Bc5 33. Rd7+ Kh6
34. Re8 Bxf2+ 35. Kxf2 Rc2+ 36. Kg1 Rc1+ 37. Kh2 1-0

[Event "Madrid 2011/2012- Semifinal A "]
[Site "Madrid ESP"]
[Date "2012.04.11"]
[Round "2.24"]
[White "Redondo Garcia, Jose Luis"]
[Black "Lopez De Turiso Sanchez, Jose Angel"]
[Result "0-1"]
[WhiteElo "1817"]
[BlackElo "2038"]
[PlyCount "190"]
[EventDate "2012.04.10"]
[EventType "swiss"]
[EventRounds "9"]
[EventCountry "ESP"]
[Source "lmi"]
[SourceDate "2012.04.10"]

1. c4 f5 2. Nc3 Nf6 3. g3 d6 4. Bg2 e5 5. e3 Be7 6. Nge2 c6 7. a3 Be6 8. b3
Nbd7 9. d4 Bf7 10. d5 c5 11. f3 O-O 12. O-O a6 13. Qc2 Bg6 14. e4 fxe4 15. Nxe4
Nxe4 16. fxe4 Rxf1+ 17. Kxf1 Bg5 18. Kg1 Bh5 19. Qd3 Bxc1 20. Rxc1 Qa5 21. a4
b5 22. Qc3 Qxc3 23. Nxc3 bxc4 24. bxc4 Rb8 25. h3 Rb4 26. g4 Be8 27. Bf1 Nb6
28. Kf2 Nxa4 29. Nxa4 Rxa4 30. Rb1 Rb4 31. Ra1 Rb6 32. Ra5 Bd7 33. Be2 Bc8 34.
Bd1 Rb4 35. Be2 Kf7 36. Ra3 h6 37. Ke3 Kf6 38. h4 Rb1 39. Kf2 Rb2 40. Ke3 Ke7
41. Ra1 Rb3+ 42. Kf2 Kd8 43. g5 Rh3 44. gxh6 gxh6 45. Rg1 Rxh4 46. Rg8+ Kc7 47.
Bf3 Rf4 48. Ke3 Rf6 49. Rg7+ Kb6 50. Rg8 Bh3 51. Be2 Bd7 52. Rg7 Bc8 53. Rg8
Bb7 54. Bg4 a5 55. Bf5 a4 56. Kd2 a3 57. Kc3 a2 58. Rg1 Rf8 59. Kb2 Ra8 60. Ka1
Ba6 61. Rg6 Rd8 62. Kxa2 Bxc4+ 63. Kb2 h5 64. Kc3 Bb5 65. Rh6 Be2 66. Kd2 Bg4
67. Bxg4 hxg4 68. Rg6 c4 69. Kc3 Kc5 70. Rg7 Rc8 71. Rxg4 Rb8 72. Rg6 Rb3+ 73.
Kd2 Kd4 74. Rxd6 Kxe4 75. Rd8 Rd3+ 76. Kc2 Rxd5 77. Rh8 Kd4 78. Rh1 Ra5 79.
Rd1+ Kc5 80. Re1 Kd4 81. Rd1+ Ke3 82. Kc3 Ra8 83. Re1+ Kf4 84. Rf1+ Kg4 85.
Rg1+ Kf3 86. Rf1+ Ke2 87. Rf7 e4 88. Kxc4 Rd8 89. Kc3 e3 90. Kc2 Rc8+ 91. Kb2
Kd2 92. Rd7+ Ke1 93. Re7 e2 94. Rh7 Rc5 95. Rh1+ Kd2 0-1

[Event "Madrid 2011/2012- Semifinal A "]
[Site "Madrid ESP"]
[Date "2012.04.11"]
[Round "2.25"]
[White "Quintero Torres, Pedro"]
[Black "Carrera Cabañeros, Francisco"]
[Result "1-0"]
[WhiteElo "2022"]
[BlackElo "1814"]
[PlyCount "47"]
[EventDate "2012.04.10"]
[EventType "swiss"]
[EventRounds "9"]
[EventCountry "ESP"]
[Source "lmi"]
[SourceDate "2012.04.10"]

1. e4 e5 2. d4 exd4 3. Nf3 Nc6 4. Nxd4 Nxd4 5. Qxd4 d6 6. Nc3 Qf6 7. Qe3 c6 8.
Bd2 Nh6 9. f3 Qg6 10. O-O-O Be7 11. g4 f6 12. Bd3 Qf7 13. h4 Be6 14. a4 Bd8 15.
g5 Ng8 16. f4 Bb6 17. Qg3 O-O-O 18. Be3 Ne7 19. Rhe1 f5 20. Bxb6 axb6 21. Qe3
fxe4 22. Qxe4 Kd7 23. Qe3 c5 24. Bb5+ 1-0

[Event "Madrid 2011/2012- Semifinal A "]
[Site "Madrid ESP"]
[Date "2012.04.12"]
[Round "3.1"]
[White "Rodrigo Yanguas, Maria"]
[Black "Alvarez Abejon, Amilcar"]
[Result "1/2-1/2"]
[WhiteElo "2181"]
[BlackElo "2069"]
[PlyCount "205"]
[EventDate "2012.04.10"]
[EventType "swiss"]
[EventRounds "9"]
[EventCountry "ESP"]
[Source "lmi"]
[SourceDate "2012.04.10"]

1. e4 e5 2. Nf3 Nc6 3. d4 exd4 4. Nxd4 Bc5 5. Be3 Qf6 6. c3 Nge7 7. Qd2 O-O 8.
Nb5 Bxe3 9. Qxe3 d5 10. Nd2 Bd7 11. O-O-O Rad8 12. Qf3 Qg6 13. Be2 a6 14. Na3
dxe4 15. Qxe4 Bf5 16. Qh4 b5 17. g4 Be6 18. f4 Bxa2 19. f5 Qd6 20. f6 Ng6 21.
Qf2 Nf4 22. Rhf1 Nxe2+ 23. Qxe2 Rfe8 24. Qf2 Ne5 25. Qh4 Nd3+ 26. Kc2 Nf4 27.
Ne4 Qe6 28. Nd2 Qe3 29. Qg3 Rxd2+ 30. Rxd2 Qe4+ 31. Kd1 Bb3+ 32. Nc2 Bxc2+ 33.
Rxc2 Rd8+ 34. Kc1 Ne2+ 35. Rxe2 Qxe2 36. Re1 Qd2+ 37. Kb1 gxf6 38. Qh4 Qg5 39.
Qg3 c5 40. h4 Qg6+ 41. Ka1 Qc2 42. g5 Rd1+ 43. Rxd1 Qxd1+ 44. Ka2 Qa4+ 45. Kb1
Qd1+ 46. Ka2 Qd5+ 47. Ka1 fxg5 48. hxg5 Kg7 49. Qg4 Kg6 50. Qc8 Qh1+ 51. Ka2
Qd5+ 52. Ka3 Kxg5 53. Qxa6 c4 54. Qa7 h5 55. Qg1+ Kf6 56. Qf2+ Qf5 57. Qd4+ Kg5
58. Qg1+ Kh6 59. Qg8 h4 60. Qh8+ Kg5 61. Qg7+ Kf4 62. Qd4+ Kg3 63. Qg1+ Kf3 64.
Qd1+ Kg2 65. Qe2+ Qf2 66. Qe4+ Kg1 67. Qd5 h3 68. Qg5+ Kf1 69. Qc1+ Ke2 70.
Qc2+ Kf3 71. Qf5+ Kg2 72. Qg5+ Qg3 73. Qd2+ Kh1 74. Qd1+ Qg1 75. Qd5+ Qg2 76.
Qd1+ Kh2 77. Qd6+ Kg1 78. Qd1+ Kf2 79. Qd2+ Kg3 80. Qd6+ Kg4 81. Qd4+ Kf5 82.
Qd7+ Kg6 83. Qe8 Kg7 84. Qe5+ f6 85. Qe7+ Kg6 86. Qe8+ Kh6 87. Qe3+ Kh5 88.
Qe8+ Kh6 89. Qe3+ Kg7 90. Qe7+ Kg6 91. Qe8+ Kh7 92. Qf7+ Qg7 93. Qh5+ Kg8 94.
Qxh3 Qe7+ 95. Ka2 Qe5 96. Qg4+ Kf7 97. Qd7+ Kg6 98. Qg4+ Qg5 99. Qe4+ Qf5 100.
Qg2+ Kh6 101. Qh2+ Kg5 102. Qg2+ Kh4 103. Qh2+ 1/2-1/2

[Event "Madrid 2011/2012- Semifinal A "]
[Site "Madrid ESP"]
[Date "2012.04.12"]
[Round "3.2"]
[White "Nuñez Reiz, Antonio"]
[Black "Perez De Aranda A., Leonardo I"]
[Result "1-0"]
[WhiteElo "2061"]
[BlackElo "2107"]
[PlyCount "93"]
[EventDate "2012.04.10"]
[EventType "swiss"]
[EventRounds "9"]
[EventCountry "ESP"]
[Source "lmi"]
[SourceDate "2012.04.10"]

1. d4 d5 2. c4 dxc4 3. e4 e5 4. Nf3 exd4 5. Bxc4 Nc6 6. Bf4 Bb4+ 7. Nbd2 Be6 8.
Bxe6 fxe6 9. Qb3 Qd7 10. O-O Nf6 11. Nc4 O-O 12. a3 Nxe4 13. Bxc7 Bd6 14. Bxd6
Nxd6 15. Nxd6 Qxd6 16. Rfe1 Rae8 17. Ng5 Nd8 18. Qd3 g6 19. Re4 e5 20. Rae1 Re7
21. Qg3 Nc6 22. h4 Rf5 23. f4 Rxf4 24. Qb3+ Kg7 25. Ne6+ Rxe6 26. Rxf4 d3 27.
Rfe4 Rf6 28. Rd1 Qc5+ 29. Kh2 Qf2 30. Qxd3 Rf4 31. Rxf4 exf4 32. Qh3 Ne5 33.
Qc3 Qxh4+ 34. Kg1 Qf6 35. Rd5 Ng4 36. Rd7+ Kh6 37. Qxf6 Nxf6 38. Rxb7 g5 39.
Rxa7 g4 40. Ra6 Kg5 41. a4 Ne4 42. a5 h5 43. Re6 Nd2 44. a6 g3 45. a7 f3 46.
gxf3 Nxf3+ 47. Kg2 1-0

[Event "Madrid 2011/2012- Semifinal A "]
[Site "Madrid ESP"]
[Date "2012.04.12"]
[Round "3.3"]
[White "Garcia Prados, David"]
[Black "Spitzer Isbert, Ramon"]
[Result "1-0"]
[WhiteElo "2070"]
[BlackElo "2046"]
[PlyCount "105"]
[EventDate "2012.04.10"]
[EventType "swiss"]
[EventRounds "9"]
[EventCountry "ESP"]
[Source "lmi"]
[SourceDate "2012.04.10"]

1. e4 c5 2. Nf3 Nc6 3. d4 cxd4 4. Nxd4 Nf6 5. Nc3 e5 6. Ndb5 d6 7. Nd5 Nxd5 8.
exd5 Ne7 9. c3 Nf5 10. a4 Be7 11. Be2 O-O 12. O-O Bg5 13. Kh1 Bxc1 14. Qxc1 a6
15. Na3 Bd7 16. Nc2 Rc8 17. Qd2 Qh4 18. Ne3 Rc5 19. b4 Rc7 20. Nxf5 Bxf5 21. a5
Rfc8 22. Rac1 Bg4 23. g3 Qh3 24. f3 Bh5 25. Rf2 Bg6 26. Bf1 Qf5 27. h4 e4 28.
g4 Qe5 29. f4 e3 30. fxe5 exd2 31. Rxd2 Be4+ 32. Kh2 dxe5 33. c4 Rd8 34. Re1 f5
35. gxf5 Bxf5 36. Rxe5 Bg6 37. h5 Re8 38. Rxe8+ Bxe8 39. d6 Rd7 40. Be2 Rd8 41.
c5 Kf7 42. Bc4+ Kf6 43. Rf2+ Ke5 44. Rf8 Rc8 45. Kg3 g5 46. Be2 Bd7 47. Rxc8
Bxc8 48. Bg4 Be6 49. d7 Bxd7 50. Bxd7 Kd5 51. h6 Kc4 52. Bc8 Kxb4 53. Bxb7 1-0

[Event "Madrid 2011/2012- Semifinal A "]
[Site "Madrid ESP"]
[Date "2012.04.12"]
[Round "3.4"]
[White "Cabañas Bravo, Juan Andres"]
[Black "Vukotic Jovsic, Dragan"]
[Result "1-0"]
[WhiteElo "2092"]
[BlackElo "1955"]
[PlyCount "77"]
[EventDate "2012.04.10"]
[EventType "swiss"]
[EventRounds "9"]
[EventCountry "ESP"]
[Source "lmi"]
[SourceDate "2012.04.10"]

1. e4 e6 2. d4 d5 3. Nc3 Nf6 4. Bg5 Bb4 5. e5 h6 6. Bd2 Bxc3 7. Bxc3 Ne4 8. Ne2
c5 9. dxc5 Nxc3 10. Nxc3 Qc7 11. Qd4 a6 12. f4 Nd7 13. b4 O-O 14. Bd3 f6 15.
exf6 Rxf6 16. O-O a5 17. Nb5 Qc6 18. a3 b6 19. cxb6 Nxb6 20. Qc5 Qxc5+ 21. bxc5
Nc4 22. Bxc4 dxc4 23. Nd6 Bd7 24. Nxc4 Bb5 25. Nb6 Raf8 26. c4 Bc6 27. g3 Rf5
28. Rfe1 R8f6 29. Re5 g5 30. Nc8 Rf7 31. Rxe6 Bd7 32. Ne7+ Kh7 33. Nxf5 Bxe6
34. Nd6 Rc7 35. Re1 Bxc4 36. Nxc4 Rxc5 37. Re4 g4 38. Kf2 Rb5 39. Re5 1-0

[Event "Madrid 2011/2012- Semifinal A "]
[Site "Madrid ESP"]
[Date "2012.04.12"]
[Round "3.5"]
[White "Mansilla Tolosa, Luis E"]
[Black "Martin Duque, Jesus"]
[Result "0-1"]
[WhiteElo "2048"]
[BlackElo "2176"]
[PlyCount "44"]
[EventDate "2012.04.10"]
[EventType "swiss"]
[EventRounds "9"]
[EventCountry "ESP"]
[Source "lmi"]
[SourceDate "2012.04.10"]

1. d4 Nf6 2. Nf3 d5 3. c4 e6 4. g3 Be7 5. Bg2 O-O 6. O-O dxc4 7. Qc2 b5 8. a4
b4 9. Nbd2 Bb7 10. Nxc4 a5 11. Bf4 Be4 12. Qd2 Nd5 13. Ng5 Bxg2 14. Kxg2 Nxf4+
15. gxf4 Bxg5 16. fxg5 Qd5+ 17. e4 Qxc4 18. Rfc1 Qa6 19. Rxc7 Ra7 20. Rac1 Rxc7
21. Rxc7 Qb6 22. Rc5 Nc6 0-1

[Event "Madrid 2011/2012- Semifinal A "]
[Site "Madrid ESP"]
[Date "2012.04.12"]
[Round "3.6"]
[White "Garcia Gutierrez, Jose"]
[Black "Gonzalez Mateos, Rafael"]
[Result "1-0"]
[WhiteElo "2028"]
[BlackElo "2157"]
[PlyCount "69"]
[EventDate "2012.04.10"]
[EventType "swiss"]
[EventRounds "9"]
[EventCountry "ESP"]
[Source "lmi"]
[SourceDate "2012.04.10"]

1. g3 d5 2. Bg2 c6 3. f4 Bf5 4. d3 Nf6 5. Nf3 e6 6. e3 Nbd7 7. O-O Qc7 8. Qe2
h6 9. Nc3 Bb4 10. Nd1 Bh7 11. Nf2 e5 12. e4 dxe4 13. Nxe4 Nxe4 14. dxe4 exf4
15. Bxf4 Qb6+ 16. Kh1 O-O 17. c3 Be7 18. e5 Nc5 19. Rfd1 Rfe8 20. Rd2 Ne6 21.
Nd4 Nxf4 22. gxf4 Bc5 23. Be4 Bxe4+ 24. Qxe4 Rad8 25. Rg1 Bf8 26. Rdg2 c5 27.
Nf5 g6 28. Nh4 Bg7 29. Nxg6 f5 30. Qxf5 Qc6 31. Qg4 h5 32. Qg5 Rd7 33. f5 Kh7
34. e6 Rc7 35. Nf4 1-0

[Event "Madrid 2011/2012- Semifinal A "]
[Site "Madrid ESP"]
[Date "2012.04.12"]
[Round "3.7"]
[White "Rodriguez Bachiller, Luis"]
[Black "Gomez Gonzalez, Javier"]
[Result "0-1"]
[WhiteElo "1827"]
[BlackElo "2077"]
[PlyCount "96"]
[EventDate "2012.04.10"]
[EventType "swiss"]
[EventRounds "9"]
[EventCountry "ESP"]
[Source "lmi"]
[SourceDate "2012.04.10"]

1. Nf3 d5 2. c4 Nf6 3. g3 Nc6 4. b3 e5 5. Bb2 e4 6. Nd4 Nxd4 7. Bxd4 c5 8. Bxf6
Qxf6 9. Nc3 dxc4 10. Nxe4 Qe5 11. Bg2 cxb3 12. axb3 Be7 13. Rc1 O-O 14. O-O Bf5
15. d3 Rad8 16. Qc2 b6 17. Qc3 Qe6 18. Rfe1 Bg6 19. Qc4 Qe5 20. Ra1 a5 21. Qb5
Bxe4 22. Bxe4 f5 23. Bg2 Rd6 24. Qc4+ Kh8 25. e3 Bf6 26. Rad1 Rfd8 27. f4 Qc3
28. Bf1 Qxc4 29. bxc4 a4 30. Re2 a3 31. Rc2 Re8 32. Kf2 Rde6 33. Re1 Rxe3 34.
Rxe3 Bd4 35. Ra2 Rxe3 36. Kg2 Bb2 37. Kf2 Re7 38. Be2 Kg8 39. Ke1 Kf7 40. Kd2
Kf6 41. g4 g5 42. fxg5+ Kxg5 43. gxf5 Kxf5 44. Bf3 Kf4 45. Be4 h5 46. Ke2 Rxe4+
47. dxe4 Kxe4 48. Kd2 Kd4 0-1

[Event "Madrid 2011/2012- Semifinal A "]
[Site "Madrid ESP"]
[Date "2012.04.12"]
[Round "3.8"]
[White "Aguado Solana, Juan"]
[Black "Lorenzo Bailador, Alfredo"]
[Result "1/2-1/2"]
[WhiteElo "2060"]
[BlackElo "2005"]
[PlyCount "85"]
[EventDate "2012.04.10"]
[EventType "swiss"]
[EventRounds "9"]
[EventCountry "ESP"]
[Source "lmi"]
[SourceDate "2012.04.10"]

1. Nf3 d5 2. g3 Nf6 3. Bg2 e6 4. O-O Be7 5. d4 O-O 6. c4 dxc4 7. Ne5 c5 8. dxc5
Qc7 9. Nxc4 Qxc5 10. Qb3 Nc6 11. Be3 Qh5 12. Nbd2 Ng4 13. h3 Nxe3 14. Qxe3 Bd7
15. Rfd1 Bc5 16. Qf3 Qxf3 17. Bxf3 Rfd8 18. Ne4 Be7 19. Rd2 b5 20. Rad1 bxc4
21. Rxd7 Ne5 22. Rxd8+ Rxd8 23. Rxd8+ Bxd8 24. Kf1 Bb6 25. Nc3 Nxf3 26. exf3
Kf8 27. Nb5 Bc5 28. Ke2 Ke7 29. f4 Kd7 30. Nc3 Bd4 31. f3 Bxc3 32. bxc3 Kd6 33.
Ke3 Kd5 34. a4 f5 35. g4 Kc5 36. h4 g6 37. Kd2 Kb6 38. Ke3 Kc5 39. Kd2 Kd5 40.
Ke3 a6 41. g5 Kc5 42. Kd2 Kc6 43. Ke2 1/2-1/2

[Event "Madrid 2011/2012- Semifinal A "]
[Site "Madrid ESP"]
[Date "2012.04.12"]
[Round "3.9"]
[White "Serrano Salvador, Eduardo"]
[Black "Pinel Mirasierra, Jose Pablo"]
[Result "1-0"]
[WhiteElo "2364"]
[BlackElo "1919"]
[PlyCount "89"]
[EventDate "2012.04.10"]
[EventType "swiss"]
[EventRounds "9"]
[EventCountry "ESP"]
[Source "lmi"]
[SourceDate "2012.04.10"]

1. b3 e5 2. Bb2 Nc6 3. e3 Nf6 4. Nf3 d6 5. d4 exd4 6. exd4 Be7 7. d5 Nb8 8. c4
Bg4 9. Nbd2 Nbd7 10. Be2 O-O 11. h3 Bh5 12. g4 Bg6 13. h4 Ne4 14. h5 Bf6 15.
Qc1 Qe7 16. hxg6 fxg6 17. Nxe4 Qxe4 18. Bxf6 Nxf6 19. Qe3 Qxe3 20. fxe3 Nxg4
21. Ng5 Nf6 22. O-O-O Rae8 23. Rh3 Re5 24. Ne6 Rf7 25. Rg1 c6 26. Rg5 Nd7 27.
Rxe5 Nxe5 28. Rh1 Rf2 29. Rf1 Rxf1+ 30. Bxf1 c5 31. Ng5 Nf7 32. Nxf7 Kxf7 33.
e4 Kf6 34. Kd2 g5 35. Be2 g6 36. Bg4 Ke5 37. Ke3 h5 38. Bc8 b6 39. Bd7 Kf6 40.
Be8 g4 41. Kf4 g5+ 42. Kg3 h4+ 43. Kxg4 Ke5 44. Bg6 Kd4 45. Bf5 1-0

[Event "Madrid 2011/2012- Semifinal A "]
[Site "Madrid ESP"]
[Date "2012.04.12"]
[Round "3.10"]
[White "Lopez De Turiso Sanchez, Jose Angel"]
[Black "Elissalt Cardenas, Hector"]
[Result "1-0"]
[WhiteElo "2038"]
[BlackElo "2366"]
[PlyCount "75"]
[EventDate "2012.04.10"]
[EventType "swiss"]
[EventRounds "9"]
[EventCountry "ESP"]
[Source "lmi"]
[SourceDate "2012.04.10"]

1. c4 f5 2. h3 e5 3. g4 d6 4. Bg2 Nf6 5. gxf5 c6 6. e4 d5 7. d3 Nbd7 8. Ne2 Nc5
9. cxd5 cxd5 10. O-O dxe4 11. dxe4 Qxd1 12. Rxd1 Ncxe4 13. Bxe4 Nxe4 14. Rd5
Nf6 15. Rxe5+ Kf7 16. Nd4 Bd6 17. Re1 g6 18. fxg6+ hxg6 19. Nc3 Bxh3 20. Bg5
Rad8 21. Bxf6 Kxf6 22. Ne4+ Kg7 23. Ng5 Kg8 24. Nxh3 Rxh3 25. Re4 Kf7 26. Ne6
Rdh8 27. Ng5+ Kf6 28. Nxh3 Rxh3 29. Rd1 Bc5 30. Kg2 Rh7 31. Rd5 b6 32. b4 Bf8
33. Rc4 Ke6 34. Rd8 Be7 35. Rc6+ Kf7 36. Rd7 Rh4 37. Rcc7 Re4 38. Rxa7 1-0

[Event "Madrid 2011/2012- Semifinal A "]
[Site "Madrid ESP"]
[Date "2012.04.12"]
[Round "3.11"]
[White "Camacho Casado, Demetrio"]
[Black "Ramirez Garcia, Jorge Alberto"]
[Result "1/2-1/2"]
[WhiteElo "1989"]
[BlackElo "2222"]
[PlyCount "55"]
[EventDate "2012.04.10"]
[EventType "swiss"]
[EventRounds "9"]
[EventCountry "ESP"]
[Source "lmi"]
[SourceDate "2012.04.10"]

1. Nf3 d5 2. g3 c5 3. Bg2 Nc6 4. d4 e6 5. O-O b6 6. c4 Nf6 7. a3 Bb7 8. dxc5
Bxc5 9. b4 Be7 10. Qc2 O-O 11. Rd1 Qc8 12. Bb2 Rd8 13. Nbd2 Nb8 14. Rac1 Nbd7
15. Qb1 Qb8 16. Qa1 a5 17. b5 Bc5 18. Ne5 Bxf2+ 19. Kh1 Nc5 20. Nc6 Bxc6 21.
Bxf6 Bb7 22. Bxd8 Qxd8 23. Qe5 Nd7 24. Qf4 Bc5 25. cxd5 Bxd5 26. Bxd5 exd5 27.
a4 Qe7 28. e4 1/2-1/2

[Event "Madrid 2011/2012- Semifinal A "]
[Site "Madrid ESP"]
[Date "2012.04.12"]
[Round "3.12"]
[White "Pastor Alonso De Prado, Alberto E"]
[Black "Andalon Gomez, Carlos Jesus"]
[Result "1-0"]
[WhiteElo "2218"]
[BlackElo "2035"]
[PlyCount "101"]
[EventDate "2012.04.10"]
[EventType "swiss"]
[EventRounds "9"]
[EventCountry "ESP"]
[Source "lmi"]
[SourceDate "2012.04.10"]

1. e4 c6 2. d4 d5 3. e5 c5 4. dxc5 e6 5. c3 Nd7 6. Bb5 Qc7 7. Nf3 Qxc5 8. Qe2
Qc7 9. O-O Nh6 10. Nbd2 a6 11. Bd3 Nc5 12. Bc2 b5 13. Nd4 g6 14. f4 Bg7 15.
N2f3 O-O 16. Be3 Bb7 17. Ng5 Nf5 18. g4 Nxe3 19. Qxe3 h6 20. Ngf3 Rae8 21. a4
bxa4 22. Bxa4 Nxa4 23. Rxa4 Qb6 24. Rb4 Qc7 25. Re1 Bc8 26. Qd3 a5 27. Nb5 Qc5+
28. Qd4 Qxd4+ 29. Rxd4 Bd7 30. Nd6 Rb8 31. c4 Rxb2 32. cxd5 exd5 33. f5 Rb3 34.
Nd2 Rb6 35. Rxd5 Bc6 36. Rxa5 Rb2 37. N6c4 Rc2 38. f6 Bh8 39. Rea1 Rd8 40. R1a2
Rc1+ 41. Kf2 Rh1 42. Nf1 Rd3 43. Nce3 Rd4 44. Rb2 Rf4+ 45. Ke1 Bxf6 46. exf6
Rxf6 47. Re5 Bf3 48. Rf2 Rf4 49. Nd5 Re4+ 50. Rxe4 Bxe4 51. Nf6+ 1-0

[Event "Madrid 2011/2012- Semifinal A "]
[Site "Madrid ESP"]
[Date "2012.04.12"]
[Round "3.13"]
[White "Luna Hermoso, Angel"]
[Black "De La Fuente Gonzalez, Francisco"]
[Result "1/2-1/2"]
[WhiteElo "2013"]
[BlackElo "2193"]
[PlyCount "148"]
[EventDate "2012.04.10"]
[EventType "swiss"]
[EventRounds "9"]
[EventCountry "ESP"]
[Source "lmi"]
[SourceDate "2012.04.10"]

1. d4 d5 2. c4 c6 3. Nf3 Nf6 4. g3 Bf5 5. Bg2 e6 6. O-O Nbd7 7. Nc3 h6 8. cxd5
exd5 9. Ne5 Bd6 10. Bf4 Qe7 11. Qb3 Nf8 12. e4 Nxe4 13. Rae1 Ne6 14. Nxd5 cxd5
15. Qxd5 Nf6 16. Qb5+ Kf8 17. Bxb7 Bxe5 18. Bxa8 Bxf4 19. Qxf5 Qd8 20. Bg2 g6
21. Qd3 Bd6 22. d5 Nc5 23. Qd4 Kg7 24. b4 Ncd7 25. a3 Qb6 26. Qc3 h5 27. h4 Kh7
28. Qc6 Rd8 29. Re2 Ne5 30. Qxb6 axb6 31. Rc1 b5 32. Rc3 Ra8 33. Ra2 Nc4 34. a4
Bxb4 35. Rb3 Bd6 36. Rxb5 Kg7 37. a5 Ra6 38. Bf1 Na3 39. Rb6 Rxb6 40. axb6 Nd7
41. b7 Kf6 42. f4 Ke7 43. Rb2 Nb8 44. Kg2 f5 45. Re2+ Kf7 46. Re6 Bc5 47. Bd3
Bb4 48. Kf3 Bc5 49. Ke2 Ba7 50. Kf3 Bc5 51. Kg2 Ba7 52. g4 hxg4 53. h5 gxh5 54.
Bxf5 Nc4 55. Bg6+ Kg7 56. Bxh5 Ne3+ 57. Kg3 Nxd5 58. Kxg4 Nf6+ 59. Kg5 Nxh5 60.
Kxh5 Kf7 61. f5 Nd7 62. Kg5 Bb8 63. Rh6 Nf8 64. Rf6+ Ke7 65. Rc6 Nd7 66. Rc8
Be5 67. Kg4 Kf7 68. Kf3 Kf6 69. Ke4 Bg3 70. Rc6+ Kf7 71. Kd5 Nf6+ 72. Kc4 Nd7
73. Kb5 Be5 74. Ka6 Nb8+ 1/2-1/2

[Event "Madrid 2011/2012- Semifinal A "]
[Site "Madrid ESP"]
[Date "2012.04.12"]
[Round "3.14"]
[White "Rodriguez De Castro, Ayar"]
[Black "Quintero Torres, Pedro"]
[Result "0-1"]
[WhiteElo "2160"]
[BlackElo "2022"]
[PlyCount "89"]
[EventDate "2012.04.10"]
[EventType "swiss"]
[EventRounds "9"]
[EventCountry "ESP"]
[Source "lmi"]
[SourceDate "2012.04.10"]

1. d4 Nf6 2. Nf3 e6 3. g3 b6 4. Bg2 Bb7 5. O-O Be7 6. Re1 O-O 7. Qd3 d5 8. b3
c5 9. Bb2 Nc6 10. a3 Rc8 11. dxc5 bxc5 12. Nbd2 Qb6 13. c4 Rfd8 14. Rab1 Qc7
15. cxd5 Nxd5 16. Qc4 Na5 17. Qc2 Ba6 18. e4 Nf6 19. Ne5 Nd7 20. Ndc4 Nxc4 21.
Nxc4 Bxc4 22. Qxc4 Ne5 23. Qe2 Nd3 24. Red1 Nxb2 25. Rxb2 Rd4 26. Rc2 Rcd8 27.
Rdc1 Qb6 28. Rc3 Rd2 29. Qe3 g6 30. e5 Rd1+ 31. Bf1 Qa6 32. Rxd1 Rxd1 33. Rd3
Rxd3 34. Qxd3 Qxa3 35. Qd7 Bf8 36. Qd3 a5 37. Qc4 Qa1 38. f4 Qe1 39. Kg2 Qd2+
40. Qe2 Qd5+ 41. Qf3 Qd2+ 42. Qe2 Qd4 43. Qf2 Qb4 44. Qc2 Qb7+ 45. Kg1 0-1

[Event "Madrid 2011/2012- Semifinal A "]
[Site "Madrid ESP"]
[Date "2012.04.12"]
[Round "3.15"]
[White "Barajas Fernandez, Helios"]
[Black "Martos De La Vega, Alvar"]
[Result "1-0"]
[WhiteElo "2120"]
[BlackElo "1945"]
[PlyCount "75"]
[EventDate "2012.04.10"]
[EventType "swiss"]
[EventRounds "9"]
[EventCountry "ESP"]
[Source "lmi"]
[SourceDate "2012.04.10"]

1. e4 c5 2. Nf3 d6 3. d4 cxd4 4. Nxd4 Nf6 5. Nc3 a6 6. Be2 e5 7. Nb3 Be7 8. Bg5
Be6 9. Bxf6 Bxf6 10. Qd3 O-O 11. Rd1 Be7 12. Nd5 Bxd5 13. Qxd5 Qc7 14. O-O Nd7
15. c3 Nf6 16. Qd3 Rad8 17. Bf3 Nd7 18. Nd2 Nc5 19. Qb1 b5 20. Rfe1 Na4 21. Nf1
Rfe8 22. Ne3 Nb6 23. g3 Bf8 24. h4 Qc5 25. h5 Nc4 26. Nf1 Rb8 27. Be2 Nb6 28.
Ne3 Rec8 29. Qc1 Rc7 30. Nf5 d5 31. exd5 Nxd5 32. Bf3 Nf6 33. Qg5 Ne8 34. Rxe5
Qb6 35. Ree1 Qf6 36. Qg4 Nd6 37. Ne3 Nc4 38. Nd5 1-0

[Event "Madrid 2011/2012- Semifinal A "]
[Site "Madrid ESP"]
[Date "2012.04.12"]
[Round "3.16"]
[White "Cano Mercado, Francisco Manuel"]
[Black "Estrada Martinez, Cesar"]
[Result "0-1"]
[WhiteElo "1872"]
[BlackElo "2114"]
[PlyCount "92"]
[EventDate "2012.04.10"]
[EventType "swiss"]
[EventRounds "9"]
[EventCountry "ESP"]
[Source "lmi"]
[SourceDate "2012.04.10"]

1. d4 Nf6 2. c4 c5 3. d5 b5 4. cxb5 a6 5. Nc3 d6 6. g3 axb5 7. Nxb5 Ba6 8. Nc3
g6 9. Bg2 Bg7 10. Nf3 O-O 11. O-O Nbd7 12. Re1 Qb6 13. h3 Rfb8 14. Qc2 Ne8 15.
Rb1 Nc7 16. e4 Nb5 17. Nxb5 Qxb5 18. Bf1 Qb6 19. Bxa6 Rxa6 20. b3 Qa5 21. Re2
Rba8 22. a3 Rb6 23. Kg2 Rab8 24. Re3 Qa6 25. g4 Ne5 26. Nxe5 Bxe5 27. Bb2 Bd4
28. Rf3 Bxb2 29. Qxb2 Ra8 30. Ra1 Qb7 31. Qc2 Rba6 32. a4 Rb6 33. Re1 Rb4 34.
Ree3 Rd4 35. h4 Qb4 36. h5 c4 37. bxc4 Rxc4 38. Qb3 Qxb3 39. Rxb3 Rxe4 40. Rfe3
Rxe3 41. Rxe3 Rxa4 42. Rxe7 Rxg4+ 43. Kf3 gxh5 44. Rd7 Rg6 45. Re7 Rf6+ 46. Kg3
Rf5 0-1

[Event "Madrid 2011/2012- Semifinal A "]
[Site "Madrid ESP"]
[Date "2012.04.12"]
[Round "3.17"]
[White "Ciuro Muñoz, Ricardo"]
[Black "Santacruz Molina, Ildefonso"]
[Result "1/2-1/2"]
[WhiteElo "2110"]
[BlackElo "1933"]
[PlyCount "90"]
[EventDate "2012.04.10"]
[EventType "swiss"]
[EventRounds "9"]
[EventCountry "ESP"]
[Source "lmi"]
[SourceDate "2012.04.10"]

1. Nf3 Nf6 2. g3 Nc6 3. Bg2 e5 4. d3 d5 5. O-O Bg4 6. h3 Bxf3 7. exf3 Qd7 8. f4
O-O-O 9. fxe5 Nxe5 10. Bg5 Qf5 11. Bxf6 Qxf6 12. Nc3 c6 13. a3 h5 14. b4 h4 15.
d4 Nc4 16. Qd3 Bd6 17. b5 Bc7 18. bxc6 bxc6 19. Ne4 dxe4 20. Qxc4 Bb6 21. c3
Rh6 22. a4 Kd7 23. a5 Bc7 24. Rae1 Ke8 25. Qc5 Qd6 26. Rxe4+ Kf8 27. Qxd6+
Rdxd6 28. a6 hxg3 29. fxg3 Rde6 30. Rxe6 Rxe6 31. d5 cxd5 32. Bxd5 Bb6+ 33. Kg2
Re2+ 34. Kf3 Rc2 35. Kg4 Rf2 36. Rxf2 Bxf2 37. Kf3 Be1 38. c4 Bb4 39. Ke4 Bc5
40. Bb7 Ke7 41. Kd5 Bf2 42. g4 g5 43. Bc8 Kd8 44. Bf5 f6 45. Kc6 Be3 1/2-1/2

[Event "Madrid 2011/2012- Semifinal A "]
[Site "Madrid ESP"]
[Date "2012.04.12"]
[Round "3.18"]
[White "Madurga Lopez, Ignacio"]
[Black "Jimenez Gonzalez, Marcos"]
[Result "1-0"]
[WhiteElo "2073"]
[BlackElo "1848"]
[PlyCount "67"]
[EventDate "2012.04.10"]
[EventType "swiss"]
[EventRounds "9"]
[EventCountry "ESP"]
[Source "lmi"]
[SourceDate "2012.04.10"]

1. e4 c6 2. d4 d5 3. exd5 cxd5 4. c4 Nf6 5. Nc3 Nc6 6. Bg5 Ne4 7. Nxe4 dxe4 8.
d5 Ne5 9. Qd4 Ng4 10. Qxe4 Qb6 11. Qc2 e5 12. Nh3 Bb4+ 13. Bd2 Bc5 14. Bc3 O-O
15. a3 a5 16. Bd3 e4 17. Bxe4 f5 18. Bf3 Re8+ 19. Kf1 Rf8 20. Re1 Bd7 21. Re2
Rae8 22. Rxe8 Bxe8 23. g3 Bg6 24. Kg2 f4 25. Qd2 Be3 26. Qe2 Bxf2 27. Bxg4 fxg3
28. hxg3 Bc5 29. Qe6+ Qxe6 30. Bxe6+ Kh8 31. Re1 Be8 32. Rf1 b5 33. Rxf8+ Bxf8
34. cxb5 1-0